000 00809nam a2200229 a 4500
001 000034806
003 DO-SdBNP
005 20250910121930.0
008 111020m19771982pr 000 p spa d
040 _aDO-SdBNP
_bspa
_cBNPHU
082 _aPR861.44
_bM433c
100 1 _aMatos Paoli, Francisco,
_d1915-2000
_99173
245 1 0 _aCancionero /
_cFrancisco Matos Paoli.
260 _aSan Juan, Puerto Rico :
_bEdiciones Juan Ponce de León :
_bEdiciones Mairena,
_c1977-1982.
300 _av ;
_c22 cm.
500 _aLa biblioteca posee los volúmenes 5,7,8 y 9.
500 _aLos volúmenes 8/1982 y 9/1981 se publicaron por Ediciones Mairena.
650 4 _aPoesía puertorriqueña
_91015
650 4 _aLiteratura puertorriqueña
_9250
910 _aValidado. Control de calidad BNPHU
942 _2ddc
_cLBS1
999 _c34297
_d34297